LIBRARY & INFORMATION CENTRE, KCAET, TAVANUR

ONLINE PUBLIC ACCESS CATALOGUE (OPAC)

Mechanization of dryland agriculture / (Record no. 13307)

MARC details
000 -LEADER
fixed length control field 00469cam a2200181ua 4500
041 ## - LANGUAGE CODE
Language code of text/sound track or separate title eng
082 ## - DEWEY DECIMAL CLASSIFICATION NUMBER
Classification number 631.586
Item number MAY/ME
100 ## - MAIN ENTRY--AUTHOR NAME
Personal name Mayande , V M .
245 ## - TITLE STATEMENT
Title Mechanization of dryland agriculture /
260 ## - PUBLICATION, DISTRIBUTION, ETC. (IMPRINT)
Place of publication Udaypur :
Name of publisher Agro-tech publishing academy ,
Year of publication 2006.
300 ## - PHYSICAL DESCRIPTION
Number of Pages 608 ; .
942 ## - ADDED ENTRY ELEMENTS (KOHA)
Koha item type Books
Holdings
Withdrawn status Lost status Damaged status Home library Current library Date acquired Full call number Accession Number Koha item type
      KAUAET KAUAET 07/04/2012 631.586 21544 Books
      KAUAET KAUAET 07/04/2012 631.586 21959 Books
free website counter